000
00297nam a22001337a 4500
003
SGT
020
_a
9788184877861
082
_a
621.381,PRA
100
_a
PRATIHAR, DILIP
245
_a
FUNDAMENTALS OF ROBOTICS & AI
260
_a
NEW DELHI
_b
NAROSA PUB.
_c
2024
300
_a
193
942
_2
ddc
_c
BK
999
_c
28160
_d
28160